| 000 | 00855cam a22002655a 4500 | ||
|---|---|---|---|
| 001 | 16763744 | ||
| 005 | 20160211145933.0 | ||
| 008 | 110505t2012 maua frb 001 0 eng d | ||
| 020 | _a9780123749932 | ||
| 020 | _a012374993X | ||
| 035 | _a(OCoLC)ocn723529781 | ||
| 040 |
_aDLC _cDLC _dYDX _dYDXCP _dCDX _dDLC _dEG-ScBUE _beng |
||
| 082 | 0 | 4 |
_a628 _222 _bHAN |
| 100 | 1 |
_aHanrahan, Grady. _939312 |
|
| 245 | 1 | 0 |
_aKey concepts in environmental chemistry / _cGrady Hanrahan. |
| 260 |
_aWaltham ; _aOxford : _bAcademic Press / Elsevier, _cc.2012. |
||
| 300 |
_axvii, 365 p. : _bill. ; _c24 cm. |
||
| 500 | _aIndex : p. 333-365. | ||
| 504 | _aIncludes bibliographical references. | ||
| 650 | 7 |
_aEnvironmental chemistry. _2BUEsh _918982 |
|
| 650 | 7 |
_aEnvironmental toxicology. _2BUEsh _939314 |
|
| 651 | _2BUEsh | ||
| 653 |
_bPPhrm _cFebruary2016 |
||
| 942 | _2ddc | ||
| 999 |
_c21129 _d21101 |
||